000
00394cam a2200181ua 4500
020
_c
2.00
041
_a
hin
_h
082
_a
891.54
_b
ABB/PY
100
_a
Abbas, Kwaja Ahmad .
245
_a
Pyar ki pukar
260
_a
:
_b
Hind Pocket Books Pvt Ltd ,
_c
1963.
300
_a
112 ; .
365
_a
2.00
504
_a
942
_c
BK
999
_c
4096
_d
4096